Online
Catalog

Proyectos de descentralización y participación en la República Dominicana / (Record no. 3685)

MARC details
000 -CABECERA
campo de control de longitud fija 00932nam a2200229 a 4500
001 - NÚMERO DE CONTROL
campo de control 000003863
005 - FECHA Y HORA DE LA ÚLTIMA TRANSACCIÓN
campo de control 20250211094043.0
008 - DATOS DE LONGITUD FIJA--INFORMACIÓN GENERAL
campo de control de longitud fija 090714s2000 dr ab 000 0 spa d
020 ## - NÚMERO INTERNACIONAL ESTÁNDAR DEL LIBRO
Número Internacional Estándar del Libro 9993435155
040 ## - FUENTE DE LA CATALOGACIÓN
Centro catalogador/agencia de origen DO-SdBNP
Lengua de catalogación spa
Centro/agencia transcriptor BNPHU
082 ## - NÚMERO DE LA CLASIFICACIÓN DECIMAL DEWEY
Número de clasificación 352.283
Número de documento/Ítem M516p
049 ## - FONDOS LOCALES (OCLC)
Fondos de biblioteca BNPD
100 1# - ENTRADA PRINCIPAL--NOMBRE DE PERSONA
Nombre de persona Mejía-Ricart G., Tirso,
Fechas asociadas al nombre 1936-2021
Forma completa/desarrollada del nombre (Mejía-Ricart Guzmán)
9 (RLIN) 1569
245 10 - MENCIÓN DE TÍTULO
Título Proyectos de descentralización y participación en la República Dominicana /
Mención de responsabilidad, etc. Tirso Mejía- Ricart.
260 ## - PUBLICACIÓN, DISTRIBUCIÓN, ETC.
Lugar de publicación, distribución, etc. Santo Domingo :
Nombre del editor, distribuidor, etc. CONARE,
Fecha de publicación, distribución, etc. 2000.
300 ## - DESCRIPCIÓN FÍSICA
Extensión 147 p. :
Otras características físicas il., map. ;
Dimensiones 23 cm.
500 ## - NOTA GENERAL
Nota general La biblioteca posee un ejemplar autografíado por el autor.
500 ## - NOTA GENERAL
Nota general Incluye datos biográficos del autor
650 #4 - PUNTO DE ACCESO ADICIONAL DE MATERIA--TÉRMINO DE MATERIA
Término de materia o nombre geográfico como elemento de entrada Administración pública
Subdivisión geográfica República Dominicana
9 (RLIN) 3011
650 #4 - PUNTO DE ACCESO ADICIONAL DE MATERIA--TÉRMINO DE MATERIA
Término de materia o nombre geográfico como elemento de entrada Descentralización administrativa
Subdivisión geográfica República Dominicana
9 (RLIN) 3012
710 12 - PUNTO DE ACCESO ADICIONAL--NOMBRE DE ENTIDAD CORPORATIVA
Nombre de entidad corporativa o nombre de jurisdicción como elemento de entrada República Dominicana. Consejo Nacional de Reforma del Estado
9 (RLIN) 64396
Holdings
Estado de retiro Estado de pérdida Restricciones de uso No para préstamo Código de colección Localización permanente Ubicación/localización actual Ubicación en estantería Fecha de adquisición Número de inventario Total de préstamos Signatura topográfica completa Código de barras Fecha visto por última vez Número de copia Precio válido a partir de Tipo de ítem Koha
        Dominicana de Servicio General General Depósito 14.07.2009 LF1   352.283 M516p 3863-30 25.06.2020 e. 3 25.06.2020 Libro y Folleto Colección Dominicana de Servicio
        Dominicana de Servicio General General Depósito 14.07.2009 LF1   352.283 M516p 3863-40 25.06.2020 e. 4 25.06.2020 Libro y Folleto Colección Dominicana de Servicio
        Dominicana de Servicio General General Depósito 14.07.2009 LF1   352.283 M516p 3863-50 25.06.2020 e. 5 25.06.2020 Libro y Folleto Colección Dominicana de Servicio
      Excluido de préstamo Patrimonio Dominicano Patrimonio Dominicano Patrimonio Dominicano Depósito 14.07.2009 LF1   352.283 M516p 3863-10 25.06.2020   25.06.2020 Libro y Folleto Colección Patrimonio Dominicano
      Excluido de préstamo Patrimonio Dominicano Patrimonio Dominicano Patrimonio Dominicano Depósito 14.07.2009 LF1   352.283 M516p 3863-20 25.06.2020 e. 2 25.06.2020 Libro y Folleto Colección Patrimonio Dominicano

Powered by Koha